000 00432nam a2200181Ia 4500
001 23838
005 20260414151004.0
008 260414t2010||||xx |||||||||||||| ||spa||
041 _aESP
082 _a720.1
_bC24E
100 _aCampo Baeza, Alberto,
_eAUT
245 0 _aLa estructura de la estructura
_b
260 _c2010
300 _a107 páginas :
_c21 cm.
650 _aABD
654 _aCAU
942 _cLIB
_dJUS
_fJUS
_2ddc
_n
999 _c23838
_d23838